| 000 | 00938cab a2200253 4500 | ||
|---|---|---|---|
| 001 | ABS55250 | ||
| 008 | 090401t1996 xxu||||| |||| 00| 0 eng d | ||
| 035 | _a(Sirsi) u15160 | ||
| 041 | _aeng | ||
| 100 | _aMiller, D. | ||
| 245 | _aFarmers take the plunge into rural enterprise pool | ||
| 260 | _c1996 | ||
| 350 | _a0 | ||
| 490 |
_aPlanning (for the Natural and Built Environment) _v(1167) 3 May 1996, 10(1) |
||
| 520 | _aDiscusses impact of changing circumstances in farming in the light of government regulations and increased demand for countryside recreation. Presents author`s study findings on twelve farmers` personal opinions and experiences on farm diversification in north-west Hampshire. | ||
| 650 | _aECONOMIC DEVELOPMENT | ||
| 650 | _aFARM DIVERSIFICATION | ||
| 650 | _aFARMING DEVELOPMENT | ||
| 650 | _aFARMING | ||
| 650 | _aRURAL ENTERPRISE | ||
| 690 | _aRURAL PRACTICE | ||
| 942 | _n0 | ||
| 948 | _c04/03/1997 | ||
| 999 |
_c9910 _d9910 |
||